000 00418nam a2200169Ia 4500
001 17697
003 IN-NITTTR
005 20251114233207.0
008 251113s9999||||xx |||||||||||||| ||eng||
040 _beng
040 _cIN-NITTTR
041 _aeng
082 _a005.133 F812P
100 _aFoster, Dennis L.
245 0 _aProlog wizard :
_b a wiley programmer's reference /
_cFoster, Dennis L.
942 _2ddc
_cBK
999 _c20331
_d20331